000 00263nam a2200109Ia 4500
008 200302s9999 xx 000 0 und d
100 _aJohn F. Pile
245 _aColor in Interior Design
260 _bTata Mcgraw-Hill Co. Inc.
260 _c1997
300 _a305 P.,
999 _c1496
_d1496